Чистые химические реактивы. Руководство по лабораторному приготовлению неорганических препаратов: учебное пособие для вузов

Bibliographic Details
Main Author: Карякин Ю. В. Юрий Викторович
Language:Russian
Published: Москва, Госхимиздат, 1947
Edition:2-е изд.
Subjects:
Format: Book
KOHA link:https://koha.lib.tpu.ru/cgi-bin/koha/opac-detail.pl?biblionumber=152250

MARC

LEADER 00000nam0a2200000 4500
001 152250
005 20231101221618.0
035 |a (RuTPU)RU\TPU\book\165079 
090 |a 152250 
100 |a 20090129d1947 m y0rusy50 ca 
101 0 |a rus 
102 |a RU 
105 |a a j 000zy 
200 1 |a Чистые химические реактивы. Руководство по лабораторному приготовлению неорганических препаратов  |e учебное пособие для вузов  |f Ю. В. Карякин 
205 |a 2-е изд. 
210 |a Москва  |a Ленинград  |c Госхимиздат  |d 1947 
215 |a 574 с.  |c ил. 
606 1 |a Химические реактивы, неорганические  |2 stltpush  |3 (RuTPU)RU\TPU\subj\17242  |9 43009 
610 1 |a аналитическая химия 
610 1 |a чистые химические реактивы 
610 1 |a неорганические препараты 
610 1 |a лабораторное приготовление 
610 1 |a очистка 
610 1 |a свойства 
610 1 |a растворимость 
610 1 |a учебные пособия 
675 |a 543-412.1(075.8)  |v 3 
700 1 |a Карякин  |b Ю. В.  |g Юрий Викторович 
801 1 |a RU  |b 63413507  |c 20090129  |g PSBO 
801 2 |a RU  |b 63413507  |c 20151112  |g RCR 
942 |c BK